000 00498nam a22001817a 4500
005 20230112112005.0
008 210219b ||||| |||| 00| 0 eng d
020 _a978--93-5129-755-0
041 _aeng
082 _a615.19
100 _aSINKO, PATRIC.J
_96374
245 _aSOUTH ASIAN DEITION OF MARTINS PHISICAL PHARMACY AND PHARMACEUTICAL SCIENCE
250 _a7TH, ED.
260 _aNEW DELHI
_bWOLTER KLUWER
_c2017
300 _a701,P
650 _aPHARMACY
_xB.PHARMA
_97083
942 _cBK
999 _c7459
_d7457